000 00648nam a22001817a 4500
003 OSt
005 20260427043412.0
008 260427b |||||||| |||| 00| 0 eng d
020 _a9717194387
040 _aDWCL Main Lib.
_cOC
082 _aFil. 400 C949 2014
100 _aBuenviaje, Jerome T.
245 _aCrosscurrents :
_bdeveloping global English skills for the 21st century : grade 7 /
_cJerome T. Buenviaje [and three others]
260 _aMarikina City :
_bInstructional Coverage System Publishing,
_cc2014.
300 _a364 pages :
_billustrations ;
_c26 cm.
650 _a1. English--Study and teaching.
942 _2ddc
_cBK - FIL
_n0
999 _c9910
_d9910